| 000 | 00692nam a2200193 i 4500 | ||
|---|---|---|---|
| 001 | 26911 | ||
| 003 | ES-MaACL | ||
| 005 | 20250901195111.0 | ||
| 007 | t| | ||
| 008 | 030113s1934 sp ||||1| spa d | ||
| 100 | 1 |
_aAschheim, S. _923543 |
|
| 245 | 1 | 3 |
_aEl diagnóstico del embarazo mediante la orina _b: resultados, prácticas y científicos / _cpor S. Aschheim ; traducción de la segunda edición alemana por Mateo Carreras y Ruperto Sánchez Arcas. |
| 260 |
_aMadrid : _bBailly-Daillière, _c1934. |
||
| 300 |
_a150 p. ; _c25 cm. |
||
| 700 | 1 |
_aCarreras, Mateo _935665 |
|
| 700 | 1 |
_aSánchez-Arcas, Ruperto. _9102466 |
|
| 852 |
_aES-MaACL _jE-1055 |
||
| 999 |
_c26911 _d26911 |
||